000 00583nam a2200217Ia 4500
003 OSt
005 20230615150232.0
008 210423s2018 xx 000 0 und d
020 _a9780198064510
040 _cAL
041 _aeng
082 _a658.16
_223
_bAURM
100 _aAURORA (Rajinder S);SHETTY (Kavita);KALE (Sharad R)
_992582
245 _aMergers and acquisitions
260 _aNew Delhi
_bOxford University Press
_c2018
300 _aviii,380
_bPB
365 _b495
_cINR
650 _aManagement
_992583
906 _aAcquisitions ; Mergers
942 _2ddc
_cBK
999 _c170185
_d170185